Reunion in Florence /

Guardat en:
Dades bibliogràfiques
Autor principal: Ford, Sonny (Autor)
Format: Llibre
Idioma:anglès
Publicat: New York : Masquerade Books, c1992
Edició:Fisrt Badboy edition 1992
Col·lecció:Adult fiction
Etiquetes: Afegir etiqueta
Sense etiquetes, Sigues el primer a etiquetar aquest registre!

MARC

LEADER 00000nam a22000007i 4500
001 IT\ICCU\UBO\1819310
003 ItRI
005 20260115231834.0
008 020904s1992 xxu|||||| ||||| |||||c
020 |a 1563330709 
040 |b ita  |c importazione bologna sebina 
041 7 |a eng  |2 ISO-639-2 
100 1 |a Ford, Sonny  |0 IT\ICCU\UBOV\685847  |4 aut 
245 1 0 |a Reunion in Florence /  |c Sonny Ford. 
250 |a Fisrt Badboy edition 1992 
260 |a New York :  |b Masquerade Books,  |c c1992 
300 |a 234 p. ;  |c 17 cm. 
830 0 |a Adult fiction  |0 IT\ICCU\UBO\1819322 
942 |2 ddc  |c BK  |n 0 
952 |0 0  |1 0  |4 0  |6 DOC_813_540000000000000_FOR  |7 0  |9 13944  |a BO  |b BO  |d 2026-01-15  |i 3264  |l 0  |o DOC 813.54 FOR  |p BO3264  |r 2026-01-15 23:18:34  |w 2026-01-15  |x [Sebina 5] [1 v.]  |y BK  |z 1 v. 
999 |c 12004  |d 12004